Statystyki dla Quiz o Dominice

Kliknij tutaj aby rozwiązać quiz!

Ogólne statystyki

  • Ten quiz został rozwiązany 113 razy
  • Średni wynik to 8 z 13

Statystyki odpowiedzi

WskazówkaOdpowiedź% Poprawnych
Morze, z którym graniczy DominikaMorze Karaibskie
96%
Język urzędowyAngielski
92%
Wysp, których Dominika jest częściąMałe {Antyle}
87%
Owoce, które stanowią ponad 39% całkowitego eksportuBanany
72%
Francuski departament zamorski na północ od DominikiMartynika
71%
Dominika i Nikaragua to jedyne kraje, które mają ten kolor na swojej fladzeFioletowy
71%
StolicaRoseau
68%
Francuski departament zamorski na północ od DominikiGwadelupa
58%
Wyspa jest podzielona na 10 z tych jednostek administracyjnych (zaczyna się na P)Parafie
54%
16% dochodów rządu pochodzi ze sprzedaży zamożnym osobomObywatelstwo
36%
U wybrzeży Dominiki można znaleźć znaczne populacje tego wielorybaKaszalot {spermacetowy}
35%
Narodowy ptak, który pojawia się na fladzeAmazonka cesarska
34%
Wrzące jezioro Dominiki to drugie co do wielkości tego typu jezioro na świecieJezioro {termalne}
25%

Rozkład punktacji

Percentyl według liczby udzielonych odpowiedzi

Procent ludzi z każdym wynikiem

Twoja historia wyników

Nie rozwiązałeś tego quizu